书目信息 |
| 题名: |
美学的开端
|
|
| 作者: | 方珊 著 | |
| 分册: | ||
| 出版信息: | 上海 上海人民出版社 2001.7 |
|
| 页数: | 408页 | |
| 开本: | 21cm | |
| 丛书名: | ||
| 单 册: | ||
| 中图分类: | B83-09 | |
| 科图分类: | ||
| 主题词: | 美学史--研究--古希腊 , 美学史--研究--古罗马 | |
| 电子资源: | ||
| ISBN: | 7-208-03753-1 | |
| 000 | 00635nam0 2200229 45 | |
| 001 | 012000002558 | |
| 005 | 20031219104054.0 | |
| 010 | @a7-208-03753-1@dCNY23.00 | |
| 100 | @a20010901d2001 em y0chiy0120 ea | |
| 101 | 0 | @achi |
| 102 | @aCN@b310000 | |
| 105 | @aa z 000yy | |
| 106 | @ar | |
| 200 | 1 | @a美学的开端@Amei xue de kai duan@e走近古希腊罗马美学@f方珊著 |
| 210 | @a上海@c上海人民出版社@d2001.7 | |
| 215 | @a408页@c图@d21cm | |
| 606 | 0 | @a美学史@x研究@y古希腊 |
| 606 | 0 | @a美学史@x研究@y古罗马 |
| 690 | @aB83-09@v4 | |
| 701 | 0 | @a方珊@Afang shan@4著 |
| 801 | @aCN@bTSTC@c20020403 | |
| 905 | @b307383-387@dB83-09@e148@f5 | |
| 美学的开端:走近古希腊罗马美学/方珊著.-上海:上海人民出版社,2001.7 |
| 408页:图;21cm |
| ISBN 7-208-03753-1:CNY23.00 |
| ● |
| 相关链接 |
|
|
|
|
正题名:美学的开端
索取号:B83-09/148
 
预约/预借
| 序号 | 登录号 | 条形码 | 馆藏地/架位号 | 状态 | 备注 |
| 1 | 0307383 | 203073832 | 第一借阅区/ [索取号:B83-09/148] | 在馆 | |
| 2 | 0307384 | 203073841 | 教育系资料室/ [索取号:B83-09/148] | 在馆 | |
| 3 | 0307385 | 203073850 | 第一借阅区/ [索取号:B83-09/148] | 在馆 | |
| 4 | 0307386 | 203073869 | 教育系资料室/ [索取号:B83-09/148] | 在馆 | |
| 5 | 0307387 | 203073878 | 第一样本阅览室/ [索取号:B83-09/148] | 在馆 | |
| 6 | 0325142 | 203251426 | 教育系资料室/ [索取号:B83-09/148] | 在馆 | |
| 7 | 0325143 | 203251435 | 第一借阅区/ [索取号:B83-09/148] | 在馆 | |
| 8 | 0325144 | 203251444 | 第一借阅区/ [索取号:B83-09/148] | 在馆 | |
| 9 | 0325145 | 203251453 | 第一借阅区/ [索取号:B83-09/148] | 在馆 | |
| 10 | 0325146 | 203251462 | 教育系资料室/ [索取号:B83-09/148] | 在馆 |